[Event "Hull CC ch B"]
[Site "Gatineau CAN"]
[Date "2005.02.22"]
[Round "3"]
[White "Blouin, Francois"]
[Black "Szalay, Karoly"]
[Result "1/2-1/2"]
[WhiteElo "1505"]
[BlackElo "1578"]
[PlyCount "95"]
[GameId "2160767911031339"]
[EventDate "2005.02.08"]
[EventType "swiss"]
[EventRounds "5"]
[EventCountry "CAN"]
[SourceTitle "EXT 2022"]
[Source "ChessBase"]
[SourceDate "2021.10.06"]
[SourceVersion "1"]
[SourceVersionDate "2021.10.06"]
[SourceQuality "1"]

1. e4 e5 2. Nf3 Nc6 3. Bb5 a6 4. Ba4 Nf6 5. O-O b5 6. Bb3 Bc5 7. c3 d6 8. Bc2 Bb7 9. h3 O-O 10. Re1 h6 11. d4 Bb6 12. d5 Ne7 13. a4 Ng6 14. Qe2 Qd7 15. Bd3 bxa4 16. Bc2 Qe7 17. Bxa4 Nd7 18. Na3 Nc5 19. Bc2 Nf4 20. Bxf4 exf4 21. b4 Nd7 22. Nc4 Rfe8 23. Bd3 Qf6 24. Qd2 Ne5 25. Nfxe5 dxe5 26. Nxb6 Qxb6 27. Ra5 c6 28. dxc6 Bxc6 29. Qe2 Bb7 30. Rea1 f5 31. Bc4+ Kh8 32. Bd5 fxe4 33. Qxe4 Bxd5 34. Rxd5 Qc6 35. Qd3 e4 36. Rd6 exd3 37. Rxc6 d2 38. Kf1 a5 39. Rd6 axb4 40. Rxa8 Rxa8 41. cxb4 Ra2 42. b5 Rb2 43. b6 d1=Q+ 44. Rxd1 Rxb6 45. f3 Rb2 46. Rd4 g5 47. Rd7 Rb1+ 48. Kf2 1/2-1/2

[Event "Hull CC ch B"]
[Site "Gatineau CAN"]
[Date "2005.02.22"]
[Round "3"]
[White "Libersan, Mattieu"]
[Black "Forget, David"]
[Result "1/2-1/2"]
[WhiteElo "1872"]
[BlackElo "1811"]
[PlyCount "40"]
[GameId "2160767911031340"]
[EventDate "2005.02.08"]
[EventType "swiss"]
[EventRounds "5"]
[EventCountry "CAN"]
[SourceTitle "EXT 2022"]
[Source "ChessBase"]
[SourceDate "2021.10.06"]
[SourceVersion "1"]
[SourceVersionDate "2021.10.06"]
[SourceQuality "1"]

1. e4 e6 2. d4 d5 3. Nc3 Bb4 4. Nge2 dxe4 5. a3 Be7 6. Nxe4 Nf6 7. N2g3 O-O 8. c3 Nbd7 9. Bd3 Nxe4 10. Nxe4 b6 11. Qh5 g6 12. Qh6 Bb7 13. Ng5 Bxg5 14. Bxg5 f6 15. Be3 Ne5 16. Be2 Bxg2 17. Rg1 Nf3+ 18. Bxf3 Bxf3 19. Rxg6+ hxg6 20. Qxg6+ Kh8 1/2-1/2

[Event "Hull CC ch B"]
[Site "Gatineau CAN"]
[Date "2005.03.01"]
[Round "4"]
[White "Mai, Lloyd"]
[Black "Libersan, Mattieu"]
[Result "1-0"]
[WhiteElo "1872"]
[BlackElo "1872"]
[PlyCount "59"]
[GameId "2160767911031341"]
[EventDate "2005.02.08"]
[EventType "swiss"]
[EventRounds "5"]
[EventCountry "CAN"]
[SourceTitle "EXT 2022"]
[Source "ChessBase"]
[SourceDate "2021.10.06"]
[SourceVersion "1"]
[SourceVersionDate "2021.10.06"]
[SourceQuality "1"]

1. e4 e5 2. Nf3 f5 3. Nxe5 Nc6 4. Qh5+ g6 5. Nxg6 Nf6 6. Qh3 hxg6 7. Qxh8 Qe7 8. d3 fxe4 9. Be3 Kf7 10. dxe4 Qxe4 11. Nc3 Qb4 12. Bd2 Bg7 13. Qh3 d6 14. Qe3 Bf5 15. O-O-O Re8 16. Qf4 Ne4 17. a3 Qc5 18. g4 Be5 19. Nxe4 Bxb2+ 20. Kxb2 Rxe4 21. gxf5 Rxf4 22. fxg6+ Kxg6 23. Bxf4 Qb6+ 24. Kc1 Qc5 25. Kb2 Qb6+ 26. Ka2 Qa5 27. Rg1+ Kf7 28. Bc4+ Kf6 29. Bg5+ Kf5 30. Rd5+ 1-0

[Event "Hull CC ch B"]
[Site "Gatineau CAN"]
[Date "2005.03.01"]
[Round "4"]
[White "Maisonneuve, Paul"]
[Black "Laurin, Marcel"]
[Result "0-1"]
[WhiteElo "1526"]
[BlackElo "1858"]
[PlyCount "78"]
[GameId "2160767911031342"]
[EventDate "2005.02.08"]
[EventType "swiss"]
[EventRounds "5"]
[EventCountry "CAN"]
[SourceTitle "EXT 2022"]
[Source "ChessBase"]
[SourceDate "2021.10.06"]
[SourceVersion "1"]
[SourceVersionDate "2021.10.06"]
[SourceQuality "1"]

1. d4 d5 2. Nf3 g6 3. Bf4 Bg7 4. e3 Bg4 5. Be2 Nd7 6. Nbd2 c5 7. c3 Ngf6 8. h3 Bf5 9. O-O h6 10. Ne5 Nh7 11. Ndf3 f6 12. Nxd7 Qxd7 13. Bd3 g5 14. Bxf5 Qxf5 15. Qa4+ Kf7 16. Bh2 Rhc8 17. Rad1 c4 18. Rfe1 Rc6 19. Ra1 g4 20. Nh4 Qg5 21. Bg3 gxh3 22. gxh3 f5 23. Kh2 e6 24. Qd1 Kg8 25. Nf3 Qh5 26. Rg1 Nf6 27. Ne5 Qxd1 28. Raxd1 Rb6 29. Bh4 Kh7 30. Rb1 Rg8 31. Rg2 Ne4 32. Nd7 Nd2 33. Rbg1 Nf3+ 34. Kh1 Nxh4 35. Nf6+ Kh8 36. Rg3 f4 37. Rg4 Nf3 38. R1g2 Rxb2 39. Nh5 Rb1+ 0-1

[Event "Hull CC ch B"]
[Site "Gatineau CAN"]
[Date "2005.03.01"]
[Round "4"]
[White "Scantland, Patrick"]
[Black "Lacourse, Guy"]
[Result "0-1"]
[WhiteElo "1652"]
[BlackElo "1682"]
[PlyCount "86"]
[GameId "2160767911031343"]
[EventDate "2005.02.08"]
[EventType "swiss"]
[EventRounds "5"]
[EventCountry "CAN"]
[SourceTitle "EXT 2022"]
[Source "ChessBase"]
[SourceDate "2021.10.06"]
[SourceVersion "1"]
[SourceVersionDate "2021.10.06"]
[SourceQuality "1"]

1. Nf3 Nf6 2. d4 e6 3. c4 b6 4. Nc3 Bb4 5. Bg5 Ba6 6. e3 O-O 7. Bd3 Bb7 8. Rc1 h6 9. Bh4 g5 10. Nxg5 hxg5 11. Bxg5 Bxc3+ 12. Rxc3 d5 13. Bxf6 Qxf6 14. Qg4+ Qg7 15. Qxg7+ Kxg7 16. cxd5 exd5 17. Rxc7 Rc8 18. Rxc8 Bxc8 19. Kd2 Nc6 20. Bb5 Bb7 21. Rc1 Rc8 22. a3 Nb8 23. Rxc8 Bxc8 24. b4 Bd7 25. Bd3 Nc6 26. Kc3 Ne7 27. f3 b5 28. h4 a6 29. g4 f5 30. gxf5 Bxf5 31. e4 Be6 32. e5 Kh6 33. Kd2 Kh5 34. Ke3 Kxh4 35. Kf4 Kh5 36. Bc2 Ng6+ 37. Bxg6+ Kxg6 38. Kg3 Kg5 39. f4+ Kh5 40. f5 Bxf5 41. e6 Kg5 42. e7 Bd7 43. Kf3 Kf5 0-1

[Event "Hull CC ch B"]
[Site "Gatineau CAN"]
[Date "2005.03.08"]
[Round "5"]
[White "Lacourse, Guy"]
[Black "Libersan, Mattieu"]
[Result "0-1"]
[WhiteElo "1682"]
[BlackElo "1852"]
[PlyCount "102"]
[GameId "2160767911031344"]
[EventDate "2005.02.08"]
[EventType "swiss"]
[EventRounds "5"]
[EventCountry "CAN"]
[SourceTitle "EXT 2022"]
[Source "ChessBase"]
[SourceDate "2021.10.06"]
[SourceVersion "1"]
[SourceVersionDate "2021.10.06"]
[SourceQuality "1"]

1. Nf3 f5 2. d4 g6 3. g3 Bg7 4. c4 d6 5. Nc3 Nf6 6. Bg2 O-O 7. O-O Qe8 8. Qc2 e5 9. dxe5 dxe5 10. e4 Nc6 11. Be3 fxe4 12. Ng5 Bf5 13. Bc5 Nd4 14. Bxd4 exd4 15. Ncxe4 Nxe4 16. Bxe4 Bxe4 17. Qxe4 Qxe4 18. Nxe4 Rfe8 19. Rfe1 Rad8 20. Rad1 b6 21. Rd3 c5 22. a4 Re6 23. Re2 Rde8 24. f3 Bh6 25. Kg2 Be3 26. Nf2 Bxf2 27. Rxe6 Rxe6 28. Kxf2 Kf7 29. Rd2 Re3 30. b4 Rb3 31. bxc5 bxc5 32. Ke2 Re3+ 33. Kf2 Rc3 34. Ke2 Rxc4 35. Kd3 Rc3+ 36. Ke4 Ke6 37. h4 Re3+ 38. Kf4 Kd5 39. Rb2 Re7 40. a5 d3 41. a6 Re6 42. Rb7 Rxa6 43. Ke3 c4 44. Rxh7 Re6+ 45. Kd2 Re2+ 46. Kd1 c3 47. Rd7+ Kc4 48. Rc7+ Kd4 49. f4 c2+ 50. Kc1 Re1+ 51. Kb2 Rb1+ 0-1

[Event "Island op"]
[Site "Victoria CAN"]
[Date "2005.06.18"]
[Round "1.1"]
[White "Raymer, Elliot"]
[Black "Yoos, John"]
[Result "0-1"]
[WhiteElo "1558"]
[BlackElo "2435"]
[PlyCount "80"]
[GameId "2160767910967904"]
[EventDate "2005.06.18"]
[EventType "swiss"]
[EventRounds "4"]
[EventCountry "CAN"]
[SourceTitle "EXT 2022"]
[Source "ChessBase"]
[SourceDate "2021.10.06"]
[SourceVersion "1"]
[SourceVersionDate "2021.10.06"]
[SourceQuality "1"]

1. e4 c5 2. d4 cxd4 3. c3 Nf6 4. e5 Nd5 5. Nf3 e6 6. cxd4 b6 7. Bc4 Ba6 8. Bxd5 exd5 9. Nc3 Bb4 10. Nd2 Qh4 11. a3 Bxc3 12. bxc3 O-O 13. Qb3 Qg4 14. Qd1 Qxg2 15. Qf3 Qg6 16. Qxd5 Qd3 17. Qf3 Qxf3 18. Nxf3 Bb7 19. Ke2 f6 20. Rg1 Bxf3+ 21. Kxf3 fxe5+ 22. Ke2 exd4 23. cxd4 Nc6 24. Bb2 Rae8+ 25. Kf1 Na5 26. d5 Rf7 27. Rc1 Ref8 28. Ke1 g6 29. Rc2 Rf5 30. d6 Re8+ 31. Kd1 Rd5+ 32. Rd2 Rxd2+ 33. Kxd2 Nc4+ 34. Kc3 Nxb2 35. Kxb2 Re2+ 36. Kb3 Rxf2 37. Re1 Kf8 38. Re7 Rf7 39. Rxf7+ Kxf7 40. Kb4 a6 0-1

[Event "Island op"]
[Site "Victoria CAN"]
[Date "2005.06.18"]
[Round "1.2"]
[White "Breel, Kevin"]
[Black "Moore, Harry"]
[Result "0-1"]
[WhiteElo "1522"]
[BlackElo "2305"]
[PlyCount "60"]
[GameId "2160767910967905"]
[EventDate "2005.06.18"]
[EventType "swiss"]
[EventRounds "4"]
[EventCountry "CAN"]
[SourceTitle "Lynn Stringer"]

1. d4 Nf6 2. c4 g6 3. Nc3 d5 4. cxd5 Nxd5 5. e4 Nxc3 6. bxc3 Bg7 7. Bc4 c5 8. Ne2 O-O 9. O-O cxd4 10. cxd4 Nc6 11. Be3 Bg4 12. f3 Na5 13. Bd3 Be6 14. d5 Bxa1 15. Qxa1 f6 16. Bh6 Re8 17. Nf4 Bf7 18. Kh1 Qd6 19. Re1 Qe5 20. Qd1 Rac8 21. Nh3 Nc4 22. Bxc4 Rxc4 23. f4 Qh5 24. Qxh5 gxh5 25. Re3 Kh8 26. e5 fxe5 27. Rxe5 Rc1+ 28. Ng1 Rd1 29. Rg5 Rg8 30. Re5 Bxd5 0-1

[Event "Island op"]
[Site "Victoria CAN"]
[Date "2005.06.18"]
[Round "1.3"]
[White "Pitre, Hanniegn"]
[Black "Cannon, Farley"]
[Result "1-0"]
[WhiteElo "2006"]
[BlackElo "1457"]
[PlyCount "101"]
[GameId "2160767910967906"]
[EventDate "2005.06.18"]
[EventType "swiss"]
[EventRounds "4"]
[EventCountry "CAN"]
[SourceTitle "EXT 2022"]
[Source "ChessBase"]
[SourceDate "2021.10.06"]
[SourceVersion "1"]
[SourceVersionDate "2021.10.06"]
[SourceQuality "1"]

1. e4 e5 2. f4 d6 3. Nf3 Nc6 4. Bb5 Bd7 5. Bxc6 Bxc6 6. Nc3 Nf6 7. d3 exf4 8. Bxf4 d5 9. e5 Nd7 10. d4 Bb4 11. O-O O-O 12. Bg5 f6 13. exf6 Nxf6 14. Ne5 Qd6 15. Bxf6 Rxf6 16. a4 Bxc3 17. bxc3 Raf8 18. Rf3 Rxf3 19. gxf3 Bd7 20. Qd2 Bh3 21. Qg5 Rf6 22. Re1 Qd8 23. Qh4 Qc8 24. Kf2 Qf5 25. Re2 h6 26. a5 a6 27. c4 dxc4 28. d5 c3 29. Qc4 Qf4 30. Qxf4 Rxf4 31. Kg3 Bf1 32. Re1 Rf5 33. f4 Bb5 34. h4 Rf8 35. Re3 Rd8 36. Rxc3 Rxd5 37. Rxc7 Be2 38. Rxb7 Rxa5 39. Rb8+ Kh7 40. c4 Ra3+ 41. Kf2 Ra2 42. Ke3 Bf1 43. c5 Re2+ 44. Kd4 Rd2+ 45. Kc3 Rd5 46. c6 Bb5 47. h5 Rc5+ 48. Kd4 Rc1 49. Ng6 Rd1+ 50. Kc3 Rc1+ 51. Kb2 1-0

[Event "Island op"]
[Site "Victoria CAN"]
[Date "2005.06.18"]
[Round "1.4"]
[White "Kirk, Adam"]
[Black "Aquino, Manfrei"]
[Result "0-1"]
[WhiteElo "1457"]
[BlackElo "1929"]
[PlyCount "56"]
[GameId "2160767910967907"]
[EventDate "2005.06.18"]
[EventType "swiss"]
[EventRounds "4"]
[EventCountry "CAN"]
[SourceTitle "Lynn Stringer"]

1. e4 e5 2. Nf3 Nc6 3. Bc4 Bc5 4. c3 Nf6 5. d4 exd4 6. cxd4 Bb4+ 7. Nc3 Nxe4 8. O-O Bxc3 9. d5 Ne5 10. bxc3 Nxc4 11. Qd4 O-O 12. Qxe4 b5 13. Ng5 f5 14. Qh4 h6 15. f4 hxg5 16. fxg5 Qe8 17. Rf3 Qg6 18. Bf4 Bb7 19. Rd3 d6 20. Qg3 Rfe8 21. h4 Qh5 22. Qf2 Qe2 23. Qg3 Re4 24. Rad1 Qg4 25. Qh2 Rxf4 26. h5 Nb2 27. h6 Nxd3 28. hxg7 Qxd1# 0-1

[Event "Island op"]
[Site "Victoria CAN"]
[Date "2005.06.18"]
[Round "1.6"]
[White "Ruiter, Erika"]
[Black "Raymer, Evan"]
[Result "0-1"]
[WhiteElo "1050"]
[BlackElo "1658"]
[PlyCount "60"]
[GameId "2160767910967908"]
[EventDate "2005.06.18"]
[EventType "swiss"]
[EventRounds "4"]
[EventCountry "CAN"]
[SourceTitle "Lynn Stringer"]

1. e4 c5 2. b3 d6 3. Bb2 e5 4. Bb5+ Nc6 5. Bxc6+ bxc6 6. Ne2 Nf6 7. d3 Be7 8. f4 exf4 9. Nxf4 Ng4 10. Qf3 Bf6 11. Nc3 Qa5 12. Nfe2 O-O 13. O-O Bd4+ 14. Kh1 Ne3 15. Rfc1 Bg4 16. Qg3 Bxe2 17. Qe1 Ng4 18. Qxe2 Nf2+ 19. Kg1 Nxd3+ 20. Kf1 Nxc1 21. Rxc1 Bxc3 22. Bxc3 Qxc3 23. Rd1 f5 24. Rxd6 fxe4+ 25. Kg1 Rf7 26. Rd1 Raf8 27. Qxe4 Qd2 28. Re1 Qf2+ 29. Kh1 Qf1+ 30. Rxf1 Rxf1# 0-1

[Event "Island op"]
[Site "Victoria CAN"]
[Date "2005.06.18"]
[Round "1.7"]
[White "Churchill, Sam"]
[Black "Arnold, Brad"]
[Result "1-0"]
[WhiteElo "1602"]
[BlackElo "1435"]
[PlyCount "63"]
[GameId "2160767910967909"]
[EventDate "2005.06.18"]
[EventType "swiss"]
[EventRounds "4"]
[EventCountry "CAN"]
[SourceTitle "Lynn Stringer"]

1. e4 c5 2. b3 Nc6 3. Bb2 d6 4. Bb5 Qc7 5. f4 Bd7 6. Nf3 e6 7. O-O Nge7 8. Qe1 a6 9. Bxc6 Nxc6 10. d3 Nd4 11. Nxd4 cxd4 12. Qf2 Rc8 13. Na3 b5 14. Bxd4 Qa5 15. Nb1 Qc7 16. c4 f6 17. Qh4 e5 18. Bb2 Be6 19. Nd2 Be7 20. Kh1 O-O 21. Rf3 f5 22. Qh5 Bf6 23. fxe5 Bxe5 24. Bxe5 dxe5 25. exf5 Rxf5 26. Ne4 Rxf3 27. gxf3 Rf8 28. Rg1 Qf7 29. Rf1 Qxh5 30. Ng5 Rf6 31. Rg1 Rg6 32. Nxe6 1-0

[Event "Island op"]
[Site "Victoria CAN"]
[Date "2005.06.18"]
[Round "2.1"]
[White "Yoos, John"]
[Black "Aquino, Manfrei"]
[Result "1-0"]
[WhiteElo "2435"]
[BlackElo "1929"]
[PlyCount "61"]
[GameId "2160767910967910"]
[EventDate "2005.06.18"]
[EventType "swiss"]
[EventRounds "4"]
[EventCountry "CAN"]
[SourceTitle "EXT 2022"]
[Source "ChessBase"]
[SourceDate "2021.10.06"]
[SourceVersion "1"]
[SourceVersionDate "2021.10.06"]
[SourceQuality "1"]

1. e4 e5 2. Nf3 Nc6 3. d4 exd4 4. Nxd4 Bc5 5. Nb3 Bb6 6. Nc3 Nf6 7. Qe2 d6 8. Bg5 h6 9. Be3 Be6 10. O-O-O Qe7 11. Nd4 Ng4 12. Nf5 Bxf5 13. Bxb6 Be6 14. Be3 Nxe3 15. Qxe3 a6 16. g3 O-O-O 17. Bg2 Kb8 18. Rhe1 Rhe8 19. f4 f6 20. Bf3 Bf7 21. Qf2 Qf8 22. Qf1 Qg8 23. e5 Bc4 24. Qg2 fxe5 25. Bxc6 bxc6 26. Qxc6 exf4 27. b3 Bb5 28. Nxb5 axb5 29. Qxb5+ Kc8 30. Qa6+ Kd7 31. Rxd6+ 1-0

[Event "Island op"]
[Site "Victoria CAN"]
[Date "2005.06.18"]
[Round "2.2"]
[White "Moore, Harry"]
[Black "Leblanc, Paul"]
[Result "1-0"]
[WhiteElo "2305"]
[BlackElo "1916"]
[PlyCount "105"]
[GameId "2160767910967911"]
[EventDate "2005.06.18"]
[EventType "swiss"]
[EventRounds "4"]
[EventCountry "CAN"]
[SourceTitle "Lynn Stringer"]

1. e4 c6 2. d4 d5 3. Nc3 dxe4 4. Nxe4 Nf6 5. Nxf6+ exf6 6. c3 Bd6 7. Bc4 Qe7+ 8. Ne2 O-O 9. O-O Bf5 10. Re1 Qc7 11. Ng3 Bg6 12. Qg4 Nd7 13. f4 f5 14. Nxf5 Nf6 15. Qg5 Rfe8 16. Bd2 Ne4 17. Rxe4 Rxe4 18. Nxd6 Qxd6 19. f5 Rxd4 20. cxd4 Qxd4+ 21. Qe3 Qxe3+ 22. Bxe3 Bxf5 23. Rf1 Bg6 24. Rd1 Bf5 25. Bxa7 h6 26. Bc5 Re8 27. Bb6 Re7 28. Rd8+ Kh7 29. Bd3 Bxd3 30. Rxd3 Re2 31. Rb3 Rd2 32. a4 g5 33. a5 f5 34. h3 Kg6 35. Bc7 g4 36. hxg4 fxg4 37. Rxb7 h5 38. a6 h4 39. Rb4 g3 40. Bxg3 hxg3 41. Rg4+ Kf5 42. Rxg3 Rxb2 43. Ra3 Rb8 44. a7 Ra8 45. Kf2 Ke4 46. g4 c5 47. g5 Kf5 48. Ke3 Kxg5 49. Ke4 Kf6 50. Kd5 c4 51. Kxc4 Ke6 52. Kb5 Kd7 53. Kb6 1-0

[Event "Island op"]
[Site "Victoria CAN"]
[Date "2005.06.18"]
[Round "2.6"]
[White "Cannon, Farley"]
[Black "Ruiter, Erika"]
[Result "1-0"]
[WhiteElo "1457"]
[BlackElo "1050"]
[PlyCount "67"]
[GameId "2160767910967912"]
[EventDate "2005.06.18"]
[EventType "swiss"]
[EventRounds "4"]
[EventCountry "CAN"]
[SourceTitle "Lynn Stringer"]

1. e4 Nf6 2. e5 Nd5 3. c4 Nb6 4. d4 d6 5. exd6 cxd6 6. Nf3 g6 7. Nc3 Bg7 8. Be3 Bg4 9. Be2 Nc6 10. h3 Bxf3 11. gxf3 O-O 12. Rg1 e5 13. d5 Ne7 14. Bg5 h6 15. Bd2 Qc7 16. Qc1 Nxc4 17. Nb5 Qc5 18. Qxc4 Qxd5 19. Qxd5 Nxd5 20. Nxd6 b6 21. Rd1 Rfd8 22. Nc4 Rac8 23. h4 Nf4 24. Bxf4 exf4 25. Rg4 Re8 26. Nd6 Bxb2 27. Nxc8 Rxc8 28. Rxf4 Bc3+ 29. Kf1 f5 30. Rc4 Rxc4 31. Bxc4+ Kg7 32. Rd7+ Kf6 33. f4 a5 34. Rf7# 1-0

[Event "Island op"]
[Site "Victoria CAN"]
[Date "2005.06.18"]
[Round "2.7"]
[White "Arnold, Brad"]
[Black "Kirk, Adam"]
[Result "1-0"]
[WhiteElo "1435"]
[BlackElo "1457"]
[PlyCount "121"]
[GameId "2160767910967913"]
[EventDate "2005.06.18"]
[EventType "swiss"]
[EventRounds "4"]
[EventCountry "CAN"]
[SourceTitle "Lynn Stringer"]

1. e4 e5 2. Nf3 f5 3. Nxe5 Qf6 4. d4 fxe4 5. Bc4 Nh6 6. Bxh6 gxh6 7. Qh5+ Ke7 8. Qf7+ Qxf7 9. Nxf7 Rg8 10. O-O Rg6 11. Ne5 Rg5 12. Re1 b5 13. Bd5 c6 14. Bxe4 d5 15. Bxh7 Kf6 16. Bd3 c5 17. Bxb5 Bh3 18. Bf1 Nd7 19. Nxd7+ Bxd7 20. Nd2 cxd4 21. Nf3 Rh5 22. Nxd4 Bd6 23. g3 Rg8 24. Bb5 Bg4 25. Be2 Be5 26. Bxg4 Rxg4 27. c3 Bxd4 28. cxd4 Rxd4 29. Rad1 Rb4 30. Rd2 d4 31. Re4 Rd5 32. a3 Ra4 33. Rd3 a5 34. b4 axb4 35. Rexd4 bxa3 36. Rxd5 a2 37. Rd1 a1=Q 38. Rxa1 Rxa1+ 39. Kg2 Re1 40. Rd3 Kf5 41. Rf3+ Kg4 42. h3+ Kg5 43. Re3 Rd1 44. Kf3 Rd2 45. h4+ Kf5 46. g4+ Kf6 47. Kg3 Rd1 48. Rf3+ Kg6 49. h5+ Kg7 50. Kg2 Rd4 51. Kg3 Kh8 52. Re3 Kg8 53. f4 Kf7 54. g5 Rd5 55. Re5 Rd6 56. Kg4 hxg5 57. fxg5 Rd2 58. Rf5+ Kg7 59. h6+ Kh7 60. Rf7+ Kg8 61. Rg7+ 1-0

[Event "Island op"]
[Site "Victoria CAN"]
[Date "2005.06.19"]
[Round "3.1"]
[White "Moore, Harry"]
[Black "Yoos, John"]
[Result "0-1"]
[WhiteElo "2305"]
[BlackElo "2435"]
[PlyCount "50"]
[GameId "2160767910967914"]
[EventDate "2005.06.18"]
[EventType "swiss"]
[EventRounds "4"]
[EventCountry "CAN"]
[SourceTitle "EXT 2022"]
[Source "ChessBase"]
[SourceDate "2021.10.06"]
[SourceVersion "1"]
[SourceVersionDate "2021.10.06"]
[SourceQuality "1"]

1. Nf3 d6 2. c4 g6 3. Nc3 Bg7 4. d4 Nf6 5. e4 O-O 6. Be2 e5 7. O-O Nc6 8. d5 Ne7 9. Nd2 Ne8 10. b4 f5 11. c5 Nf6 12. f3 f4 13. Nc4 g5 14. Ba3 Ng6 15. b5 dxc5 16. Bxc5 Rf7 17. Kh1 h5 18. d6 Be6 19. Qa4 g4 20. Rad1 Nh7 21. dxc7 Qh4 22. b6 g3 23. Bg1 Bh3 24. Rd8+ Rf8 25. Rxa8 Bxg2+ 0-1

[Event "Island op"]
[Site "Victoria CAN"]
[Date "2005.06.19"]
[Round "3.3"]
[White "Pitre, Hanniegn"]
[Black "Churchill, Sam"]
[Result "1-0"]
[WhiteElo "2006"]
[BlackElo "1602"]
[PlyCount "45"]
[GameId "2160767910967915"]
[EventDate "2005.06.18"]
[EventType "swiss"]
[EventRounds "4"]
[EventCountry "CAN"]
[SourceTitle "EXT 2022"]
[Source "ChessBase"]
[SourceDate "2021.10.06"]
[SourceVersion "1"]
[SourceVersionDate "2021.10.06"]
[SourceQuality "1"]

1. e4 e6 2. d4 d5 3. e5 c5 4. f4 Nc6 5. Nf3 Nh6 6. c3 Qb6 7. a3 a5 8. g3 cxd4 9. Bh3 Bc5 10. Kf1 Bd7 11. Kg2 dxc3 12. Nxc3 Nd4 13. Na4 Bxa4 14. Qxa4+ Qc6 15. Qxc6+ Nxc6 16. Bd2 O-O 17. Rhc1 b6 18. Rab1 a4 19. g4 g6 20. f5 g5 21. Bxg5 Kg7 22. f6+ Kg6 23. Bf4 1-0

[Event "Island op"]
[Site "Victoria CAN"]
[Date "2005.06.19"]
[Round "3.5"]
[White "Breel, Kevin"]
[Black "Arnold, Brad"]
[Result "1/2-1/2"]
[WhiteElo "1522"]
[BlackElo "1435"]
[PlyCount "43"]
[GameId "2160767910967916"]
[EventDate "2005.06.18"]
[EventType "swiss"]
[EventRounds "4"]
[EventCountry "CAN"]
[SourceTitle "Lynn Stringer"]

1. d4 Nf6 2. c4 c5 3. Nf3 g6 4. Nc3 Bg7 5. e4 cxd4 6. Nxd4 Nc6 7. Be3 O-O 8. Be2 a6 9. f4 e5 10. Nxc6 dxc6 11. fxe5 Qxd1+ 12. Rxd1 Ng4 13. Bxg4 Bxg4 14. Rd2 Bxe5 15. a4 Rad8 16. h3 Bg3+ 17. Bf2 Rxd2 18. Kxd2 Bxf2 19. hxg4 Rd8+ 20. Kc2 Be3 21. Rd1 Rxd1 22. Nxd1 1/2-1/2

[Event "Island op"]
[Site "Victoria CAN"]
[Date "2005.06.19"]
[Round "4.1"]
[White "Yoos, John"]
[Black "Pitre, Hanniegn"]
[Result "1-0"]
[WhiteElo "2435"]
[BlackElo "2006"]
[PlyCount "65"]
[GameId "2160767910967917"]
[EventDate "2005.06.18"]
[EventType "swiss"]
[EventRounds "4"]
[EventCountry "CAN"]
[SourceTitle "EXT 2022"]
[Source "ChessBase"]
[SourceDate "2021.10.06"]
[SourceVersion "1"]
[SourceVersionDate "2021.10.06"]
[SourceQuality "1"]

1. e4 c6 2. d4 d5 3. e5 Bf5 4. Nf3 e6 5. Be2 Nd7 6. O-O Be7 7. b3 g5 8. c4 g4 9. Ne1 h5 10. Nc3 Nh6 11. Nc2 Bxc2 12. Qxc2 Nf5 13. Rd1 Nb6 14. c5 Nd7 15. Na4 Nf8 16. Bb2 Ng6 17. Bd3 Ngh4 18. Kh1 Ng7 19. Nc3 Nhf5 20. Ne2 h4 21. Bc1 g3 22. fxg3 hxg3 23. h3 Bg5 24. Rf1 Bxc1 25. Qxc1 Qh4 26. Qf4 O-O-O 27. Rad1 Rh5 28. Rf3 Qxf4 29. Rxf4 Rdh8 30. Rdf1 Rg5 31. Kg1 Kd8 32. Rg4 Rhh5 33. Nf4 1-0

[Event "Island op"]
[Site "Victoria CAN"]
[Date "2005.06.19"]
[Round "4.2"]
[White "Raymer, Evan"]
[Black "Moore, Harry"]
[Result "0-1"]
[WhiteElo "1658"]
[BlackElo "2305"]
[PlyCount "26"]
[GameId "2160767910967918"]
[EventDate "2005.06.18"]
[EventType "swiss"]
[EventRounds "4"]
[EventCountry "CAN"]
[SourceTitle "Lynn Stringer"]

1. e4 g6 2. d4 Bg7 3. Nc3 d6 4. f3 c6 5. Be3 b5 6. Qd2 Nd7 7. Nce2 a6 8. O-O-O Nb6 9. Ng3 Nc4 10. Bxc4 bxc4 11. d5 c3 12. bxc3 Qa5 13. Bd4 Qa3+ 0-1

[Event "Island op"]
[Site "Victoria CAN"]
[Date "2005.06.19"]
[Round "4.3"]
[White "Aquino, Manfrei"]
[Black "Leblanc, Paul"]
[Result "1/2-1/2"]
[WhiteElo "1929"]
[BlackElo "1916"]
[PlyCount "80"]
[GameId "2160767910967919"]
[EventDate "2005.06.18"]
[EventType "swiss"]
[EventRounds "4"]
[EventCountry "CAN"]
[SourceTitle "Lynn Stringer"]

1. c4 c6 2. f4 d5 3. e3 Nf6 4. d4 a6 5. Nc3 b5 6. cxd5 cxd5 7. Bd3 Nc6 8. Nf3 Bg4 9. O-O e6 10. Bd2 Bxf3 11. Qxf3 Be7 12. Rac1 Rc8 13. a4 Nb4 14. Be2 bxa4 15. Ra1 O-O 16. Rxa4 a5 17. Rfa1 Ra8 18. Bb5 Qb6 19. Qe2 Rfb8 20. Be1 Rc8 21. Bh4 Kh8 22. Bxf6 Bxf6 23. g4 g6 24. g5 Be7 25. h4 Kg7 26. h5 Bd6 27. Kg2 Rf8 28. Rh1 f6 29. hxg6 hxg6 30. gxf6+ Rxf6 31. Qg4 Rh8 32. Rxh8 Kxh8 33. Qh3+ Kg7 34. Ra1 Nc2 35. Rh1 Nxe3+ 36. Kg1 Rf8 37. Qh7+ Kf6 38. Qh4+ Kg7 39. Qh7+ Kf6 40. Qh4+ Kg7 1/2-1/2

[Event "Island op"]
[Site "Victoria CAN"]
[Date "2005.06.19"]
[Round "4.4"]
[White "Churchill, Sam"]
[Black "Breel, Kevin"]
[Result "0-1"]
[WhiteElo "1602"]
[BlackElo "1522"]
[PlyCount "52"]
[GameId "2160767910967920"]
[EventDate "2005.06.18"]
[EventType "swiss"]
[EventRounds "4"]
[EventCountry "CAN"]
[SourceTitle "Lynn Stringer"]

1. e4 c6 2. d4 d5 3. Nc3 dxe4 4. Nxe4 Bf5 5. Ng3 Bg6 6. N1e2 h6 7. Nf4 Bh7 8. Bc4 e6 9. O-O Nf6 10. c3 Bd6 11. Ngh5 O-O 12. Nxf6+ Qxf6 13. Qg4 Nd7 14. Nxe6 Bf5 15. Qxg7+ Qxg7 16. Nxg7 Kxg7 17. d5 Nb6 18. Bb3 Nxd5 19. Rd1 Rad8 20. Rd4 Rfe8 21. Bd2 Re4 22. Rxe4 Bxe4 23. Rd1 Nf6 24. Be3 Bd5 25. Bc2 b6 26. Rd4 Bc5 0-1

[Event "Island op"]
[Site "Victoria CAN"]
[Date "2005.06.19"]
[Round "4.5"]
[White "Arnold, Brad"]
[Black "Raymer, Elliot"]
[Result "0-1"]
[WhiteElo "1435"]
[BlackElo "1558"]
[PlyCount "41"]
[GameId "2160767910967921"]
[EventDate "2005.06.18"]
[EventType "swiss"]
[EventRounds "4"]
[EventCountry "CAN"]
[SourceTitle "Lynn Stringer"]

1. e4 e5 2. Nf3 Nc6 3. Bc4 Nf6 4. d4 exd4 5. O-O d6 6. Bg5 Be7 7. Nxd4 Ne5 8. Bd3 O-O 9. Nc3 Nxd3 10. Qxd3 Be6 11. h3 h6 12. Bd2 Nd7 13. f4 Bf6 14. Rae1 Nc5 15. Qe3 Bh4 16. Re2 Kh8 17. Nf3 Nxe4 18. Nxe4 f5 19. Qd4 fxe4 20. Rxe4 Bf6 21. Qe3 0-1